MARC details
| 000 -LEADER |
| fixed length control field |
01541cam a2200325Ia 4500 |
| 001 - CONTROL NUMBER |
| control field |
6908719 |
| 003 - CONTROL NUMBER IDENTIFIER |
| control field |
OSt |
| 005 - DATE AND TIME OF LATEST TRANSACTION |
| control field |
20251008090143.0 |
| 008 - FIXED-LENGTH DATA ELEMENTS--GENERAL INFORMATION |
| fixed length control field |
081013s2008 miu b 000 0 eng d |
| 020 ## - INTERNATIONAL STANDARD BOOK NUMBER |
| International Standard Book Number |
9966805028 |
| 020 ## - INTERNATIONAL STANDARD BOOK NUMBER |
| International Standard Book Number |
9789966805027 |
| 035 ## - SYSTEM CONTROL NUMBER |
| System control number |
(OCoLC)ocn226167003 |
| 035 ## - SYSTEM CONTROL NUMBER |
| System control number |
(OCoLC)226167003 |
| 035 ## - SYSTEM CONTROL NUMBER |
| System control number |
(NNC)6908719 |
| 040 ## - CATALOGING SOURCE |
| Original cataloging agency |
YDXCP |
| Transcribing agency |
BSU |
| Modifying agency |
BTCTA |
| -- |
BAKER |
| -- |
TXA |
| -- |
HNW |
| -- |
OrLoB-B |
| -- |
BSULIB |
| Language of cataloging |
English |
| 043 ## - GEOGRAPHIC AREA CODE |
| Geographic area code |
f------ |
| 082 04 - DEWEY DECIMAL CLASSIFICATION NUMBER |
| Classification number |
261.27 |
| Edition number |
22 |
| Item number |
AZU |
| 090 ## - LOCALLY ASSIGNED LC-TYPE CALL NUMBER (OCLC); LOCAL CALL NUMBER (OCLC) |
| Classification number (OCLC) (R) ; Classification number, CALL (RLIN) (NR) |
BP172 |
| Local cutter number (OCLC) ; Book number/undivided call number, CALL (RLIN) |
.A98 2008 |
| 100 1# - MAIN ENTRY--PERSONAL NAME |
| Personal name |
Azumah, John Alembillah. |
| 9 (RLIN) |
14086 |
| 245 10 - TITLE STATEMENT |
| Title |
My neighbour's faith : |
| Remainder of title |
Islam explained for Christians / |
| Statement of responsibility, etc |
John Azumah. |
| 260 ## - PUBLICATION, DISTRIBUTION, ETC. (IMPRINT) |
| Place of publication, distribution, etc |
Grand Rapids, Mich. : |
| Name of publisher, distributor, etc |
Hippo Books, |
| Date of publication, distribution, etc |
2008. |
| 300 ## - PHYSICAL DESCRIPTION |
| Extent |
x, 162 p. ; |
| Dimensions |
23 cm. |
| 504 ## - BIBLIOGRAPHY, ETC. NOTE |
| Bibliography, etc |
Includes bibliographical references (p. [159]-162). |
| 505 00 - FORMATTED CONTENTS NOTE |
| Miscellaneous information |
1. |
| Title |
Introduction -- |
| Miscellaneous information |
2. |
| Title |
The Challenges Posed by Islam -- |
| Miscellaneous information |
3. |
| Title |
Islam: Its Context, Prophet and Early History -- |
| Miscellaneous information |
4. |
| Title |
Mainstream Muslim Beliefs and Practices -- |
| Miscellaneous information |
5. |
| Title |
Scripture (Qur'an) and Tradition (Hadith) -- |
| Miscellaneous information |
6. |
| Title |
Main Divisions and Movements Within Islam -- |
| Miscellaneous information |
7. |
| Title |
Islamic Law (Shari'ah) -- |
| Miscellaneous information |
8. |
| Title |
Islamic Teaching on Women -- |
| Miscellaneous information |
9. |
| Title |
Islamic Teaching on People of Other Faiths -- |
| Miscellaneous information |
10. |
| Title |
Jesus in Islam -- |
| Miscellaneous information |
11. |
| Title |
A Christian Response to Islam -- |
| Miscellaneous information |
12. |
| Title |
Key Theological and Missiological Questions -- |
| -- |
Key Qur'anic Passages, Organised Thematically. |
| 650 #0 - SUBJECT ADDED ENTRY--TOPICAL TERM |
| Topical term or geographic name as entry element |
Islam |
| General subdivision |
Relations |
| -- |
Christianity. |
| 9 (RLIN) |
7941 |
| 650 #0 - SUBJECT ADDED ENTRY--TOPICAL TERM |
| Topical term or geographic name as entry element |
Islam |
| Geographic subdivision |
Africa. |
| 9 (RLIN) |
14087 |
| 900 ## - EQUIVALENCE OR CROSS-REFERENCE-PERSONAL NAME [LOCAL, CANADA] |
| Numeration |
TOC |
| 942 ## - ADDED ENTRY ELEMENTS (KOHA) |
| Source of classification or shelving scheme |
Dewey Decimal Classification |
| Koha item type |
Reserved Books |
| 948 1# - LOCAL PROCESSING INFORMATION (OCLC); SERIES PART DESIGNATOR (RLIN) |
| Series part designator, SPT (RLIN) |
20081031 |
| b (OCLC) |
c |
| c (OCLC) |
sl13 |
| d (OCLC) |
MPS |